000 00837cam a2200241 4500
001 WB3627-25
008 000000n2000 000 0 eng u
035 _a(Sirsi) u107134
245 _aDecline ahead
260 _c2000
490 _aEstate Agency News
_v July 2000, (1)
520 _aKey Note's Market Report on Estate Agents 2000 predicts that their revenue and the number of branches is set to fall over the next few years. Suggests that economics of estate agency are changing, with growing competition in the industry.
590 _aWB
650 _aESTATE AGENTS
650 _aRESIDENTIAL AGENTS
650 _aKEY NOTE
650 _aHOUSING TRENDS
650 _aECONOMIC FACTORS
650 _aBRANCH OFFICES
650 _aFORECASTS
690 _aMANAGEMENT-BUSINESS MANAGEMENT-PROFESSIONAL PRACTICE
942 _n0
999 _c64058
_d64058